Quizzes
Events
Quiz Creation
Community
Videos
Private Events
Remove Ads
Sign In
Join for FREE
Feedback
Dark Mode
Quiz Categories
Sports
Geography
Music
Movies
Television
Just For Fun
Miscellaneous
History
Literature
Language
Science
Gaming
Entertainment
Religion
Holiday
For Kids
Quiz Lab
Recent
Popular Today
Quiz Kudos Today
Editor Picks
Curator Picks
Quizzes by...
Day
Popularity
Type
Ratings
Length
Year
Community
Subscriptions
Recent Discussions
Orange Saloon
Badges
Playlists
Quests
Create
Leaderboards
Showdown
Live 5
Trivia Bingo
Activity
Puzzle Library
Sporcle Events
Private Events
Virtual Trivia
Globe League
Become a Host
Pub Owners
SporcleCon
Opinionation
Our Games
Videos
Blog
Mobile Apps
Partnerships
Remove Ads and Go Orange
Feedback
Sports
Athletes
MLB
NBA
NHL
NFL
Soccer
Sports Teams
WWE
NCAA
Football
Premier League
Basketball
Baseball
Hockey
Golf
Tennis
Cricket
Rugby
Auto Racing
Olympics
World Cup
Sports
Athletes
MLB
NBA
NHL
NFL
Soccer
Sports Teams
WWE
NCAA
Football
Premier League
Basketball
Baseball
Hockey
Golf
Tennis
Cricket
Rugby
Auto Racing
Olympics
World Cup
Random Quiz
Search Sporcle
×
Quiz Lab
Quiz Lab
Sports
WWE
Type in answers that appear in a list
Type in answers that appear in a list
Classic
Best Score? Go Orange.
Female TNA Pay-Per-View Competitors Stats
Can you name the females who have had a match at a TNA pay-per-view?
By
dudemanbearpig
5m
34 Questions
102 Plays
102 Plays
102 Plays
Comments
Comments
Give Quiz Kudos
Give Quiz Kudos
-
- Ratings
hide this ad
More Info
Replay
Link that replays current quiz
Next Quiz
Link to next quiz in quiz playlist
You Got
0%
They Got
Avg Score
57%
Avg Friend Score
Upgrade to see
Score Distribution
Jump to the score distribution portion of the page
Score
0/34
Timer
05:00
0
Plays Today
First PPV
Wrestler
% Correct
Bound for Glory '07
Awesome Kong
99%
Victory Road '06
Gail Kim
98%
Bound for Glory '07
Angel Williams/Angelina Love
93.1%
Slammiversary '09
Tara
90.2%
Turning Point '10
Mickie James
89.2%
Bound for Glory '07
Talia Madison/Velvet Sky
87.3%
Destination X '09
Madison Rayne
87.3%
Bound for Glory '07
ODB
83.3%
Hardcore Justice '11
Miss Tessmacher/Brooke
75.5%
Victory Road '04
Jacqueline
74.5%
Slammiversary '13
Taryn Terrell
70.8%
Victory Road '08
Taylor Wilde
68.6%
No Surrender '09
Sarita
68.6%
Victory Road '11
Winter
67.6%
Turning Point '09
Lacey Von Erich
62.7%
Hard Justice '05
Traci Brooks
60.8%
Victory Road '11
Rosita
59.8%
First PPV
Wrestler
% Correct
Bound for Glory '07
Roxxi
57.8%
Against All Odds '07
Christy Hemme
56.9%
Final Resolution '08 (I)
Sharmell
56.9%
Sacrifice '11
Karen Jarrett
51%
Destination X '09
The Governor/Daffney
45.1%
Victory Road '04
Trinity
42.2%
Lockdown '08
Raisha Saeed
41.2%
Victory Road '09
Jenna Morasca
41.2%
Sacrifice '11
Chyna
41.2%
Bound for Glory '07
Shelly Martinez/Salinas
40.2%
Lockdown '08
Rhaka Khan
37.3%
Against All Odds '08
Payton Banks
35.3%
Slammiversary '08
Josie Robinson/Sojournor Bolt
34.3%
Victory Road '06
Sirelda
23.5%
Slammiversary '08
Moose
23.5%
Slammiversary '08
Serena Deeb
19.6%
Turning Point '11
Toxxin
6.9%
Quiz Playlist
Details
Report
Send in Message
Add To Playlist
More Info:
Does not include weekly PPVs.
Classic:
Type in answers that appear in a list
Last Updated: Feb 16, 2017
Quiz Scoreboard
CHALLENGE
Sign Up to Join the Scoreboard
Show All
Scores
Hide
Comments
May contain spoilers
Recently Published
Billboard Blitz: Fleetwood Mac
by CooCooCachoo
Music
15s
Presidents Visiting Landmarks
by Hejman
History
7m
An Introduction to Baseball
by treessimontrees
Sports
5m
More to Explore
Quiz From the Vault
Featured Blog Post
Where Did the Easter Bunny Come From?
hide this ad
You Might Also Like...
Tags
WWE Quiz
Today's Top Quizzes in Sports
Browse Sports
hide this ad
Today's Top Quizzes in WWE
Browse WWE
Top Contributed Quizzes in Sports
1
Les meilleurs buteurs des matchs entre le PSG et l’OM
2
2022 World Cup Stars
3
FIFA Club World Cup Champions
4
Les entraîneurs de l'OM et du PSG au 21e siècle
5
Name the Premier League winners with different clubs
6
5-to-1: UK Sports Teams
7
La finale Lions - Afrique du Sud 2021
8
Criteria MLB: Left Handed Sluggers
9
AFC Teams Reveal (Wrong Answers Minefield)
10
England Test cricketers to play under Nasser Hussain
Explore More
Trending Topics
Harry Potter
Marvel
Crossword
Disney
Anime
NBA
Kpop
NFL
Country
Pokémon
Soccer
Song
WWE
Puzzle
The Office
hide this ad
More By:
dudemanbearpig
Quiz
Plays
Rating
Category
Featured
Created
WWE Royal Rumble Final Four
309,041
4.45
Sports
Dec 1, 2009
Top 50 Females in Harry Potter
137,452
4.67
Literature
May 10, 2012
Top 25 Non-Humans in Harry Potter
68,936
4.83
Literature
Apr 30, 2012
WrestleMania: 5+ in a Row
63,501
4.54
Sports
Apr 3, 2012
Black WWE PPV Competitors
14,899
4.34
Sports
Nov 6, 2011
Go to Creator's Profile
Score Distribution
Quiz Creator Spotlight
dudemanbearpig
Follow
Send a Message
Quizzes Created
-
Created Quiz Play Count
-
More By This Creator
Popular Quizzes Today
1
Find the US States - No Outlines Minefield
2
Find the Countries of Europe - No Outlines Minefield
3
The Countries of the World
4
Find the US States
5
Popular People in 1961
6
US States
7
Risky Map Clicking: Biggest States A-Z
8
Movies - When Are They Set?
More Sports Quizzes
Mr Olympia Winners 1965-2023 Bodybuilding Quiz
Editor's Pick
Trending Quizzes
Risky Map Clicking: Least Populous States A-Z
1-10 Letter G Words
1-10 Letter F Words
Risky Map Clicking: Next State Alphabetically
'A' Boys' Names Grid
Recently Updated
Leaping Animals
pecheneg
Reality TV Shows (A-Z)
bhenderson79
Rickey Henderson's Hall of Fame Teammates
pecheneg
Champions League XIs: Arsenal
pecheneg
Quick Pick: Celebrities in WWE's Hall of Fame
aduchscher
A-Z Keypad Blitz II
pecheneg
Multiple Oscar Actors
pecheneg
Mystery Phrase Blitz: Oscar 'Best Actors'
pecheneg
F. Scott Fitzgerald Novels
LTH
Pick 3 Villains
ddd62291
Trending Topics
NBA
Kpop
Crossword
Marvel
Harry Potter
Anime
Disney
Song
WWE
NFL
Country
Pokémon
The Office
Puzzle
Soccer
Your Account Isn't Verified!
In order to create a playlist on Sporcle, you need to verify the email address you used during registration. Go to your
Sporcle Settings
to finish the process.
Report this User
Report this user for behavior that violates our
Community Guidelines
.
Details:
Send Report
Go to the Sporcle.com Mobile Site →
Comments